Statistics for TRIP sports general knowledge #1

Click here to take the quiz!

General Stats

  • This quiz has been taken 17 times
    (15 since last reset)
  • The average score is 6 of 20

Answer Stats

Hintanswer% Correct
Who holds the record for career assists in the NBA?John Stockton
73%
What NFL team lost four straight super bowls from 1991-1994?Buffalo Bills
64%
What MLB team has not won a Pennant since 1908?Chicago Cubs
64%
What team is the only non-profit major professional sports team in the U.S.?Green Bay Packers
64%
Who was drafted #1 overall in the 1998 NFL draft?Peyton Manning
55%
How many Stanley cups are the Montreal Canadiens credited with?24
45%
What NFL football team has the most hall of fame members?Chicago Bears
36%
What does WAR stand for in baseball?Wins Above Replacement
36%
What is Ty Cobb's career Batting average?.366
27%
The movie Brian's song is about Gale Sayers and who else?Brian Piccolo
27%
Who won the 1997 college football national championship?Michigan
27%
What is the length between home plate and the pitchers mound?60' 6"
18%
Who is the winningest NASCAR cup series driver ever?Richard Petty
18%
Where did Isaiah Mustafa play college football?Arizona State University
9%
Besides Tom Brady, what player has been to the most super bowls?Mike Lodish
9%
Whose leg did Chase Utley break while sliding into second during a NLDS game in 2015?Ruben Tejada
9%
Where did Terry Crews play college football?Western Michigan
9%
What baseball manager has the most wins in the MLB history?Connie Mack
0%
Who is the only NFL football player to have won the Heisman,National championship, NFL MVP, and Super Bowl?Marcus Allen
0%
Where did Jerry Rice play college football?Mississippi Valley State University
0%

Score Distribution

Percentile by Number Answered

Percent of People with Each Score

Your Score History

You have not taken this quiz since the last reset